| 000 | 00337nam a2200133Ia 4500 | ||
|---|---|---|---|
| 005 | 20251222153614.0 | ||
| 008 | 251222s9999||||xx |||||||||||||| ||spa|| | ||
| 082 | _a320.985/R78 | ||
| 100 | _aRojas Samanez, Alvaro | ||
| 245 | 0 | _aLa Frustración Nacional: | |
| 250 | _a1ra. ed. | ||
| 264 | _bFondo Editorial Cátedra Perú | ||
| 942 | _cLIB | ||
| 999 |
_c31738 _d31738 |
||